000 00323 a2200157 4500
001 193127
020 _a978-85-08-17191-0
040 _cMagnum
100 _aFrança, Mary
240 1 0 _aO aniversario
_lpor
245 1 0 _aO aniversario
300 _a16
362 0 _a2015
697 _aLITERATURA INFANTIL
942 _cBK
999 _c193127
_d193127